Kỹ thuật điện tử số

Nội dung cung cấp những kiến thức cơ sở về kỹ thuật điện tử số, hiểu rõ nguyên lý hoạt động, chức năng của các vi mạch logic, biết được các phương pháp thiết kế logic để tạo được các môđun tổ hợp lớn...

Cijeli opis

Spremljeno u:
Bibliografski detalji
Glavni autor: Nguyễn, Kim Giao
Format: Knjiga
Jezik:Undetermined
Izdano: H. Đại học Quốc gia Hà Nội 2006
Teme:
Online pristup:http://lrc.tdmu.edu.vn/opac/search/detail.asp?aID=2&ID=3802
Oznake: Dodaj oznaku
Bez oznaka, Budi prvi tko označuje ovaj zapis!
Thư viện lưu trữ: Trung tâm Học liệu Trường Đại học Thủ Dầu Một
LEADER 00970nam a2200205Ia 4500
001 TDMU_3802
008 210410s9999 xx 000 0 und d
082 |a 621.3815 
090 |b N4994 
100 |a Nguyễn, Kim Giao 
245 0 |a Kỹ thuật điện tử số 
245 0 |c Nguyễn Kim Giao 
260 |a H. 
260 |b Đại học Quốc gia Hà Nội 
260 |c 2006 
300 |a 326tr. 
520 |a Nội dung cung cấp những kiến thức cơ sở về kỹ thuật điện tử số, hiểu rõ nguyên lý hoạt động, chức năng của các vi mạch logic, biết được các phương pháp thiết kế logic để tạo được các môđun tổ hợp lớn  
650 |a Điện tử số  |x Kỹ thuật 
856 |u http://lrc.tdmu.edu.vn/opac/search/detail.asp?aID=2&ID=3802 
980 |a Trung tâm Học liệu Trường Đại học Thủ Dầu Một